MARC

LEADER 00000nam0a2200000 4500
001 265723
005 20231101233938.0
035 |a (RuTPU)RU\TPU\book\288725 
090 |a 265723 
100 |a 20140630d1985 k y0rusy50 ca 
101 0 |a rus 
102 |a RU 
105 |a a z 001zy 
200 1 |a Исследование и разработка ограждающих металлических конструкций с напыленным пенопластом и технологии их изготовления  |e сборник научных трудов  |f Центральный научно-исследовательский и проектный институт строительных металлоконструкций (ЦНИИПроектстальконструкция) ; отв. за вып. А. Б. Губенко 
210 |a Москва  |c Изд-во ЦНИИпроектстальконструкция  |d 1985 
215 |a 152 с.  |c ил. 
320 |a Библиогр. в конце ст. 
606 1 |a Конструкции зданий  |2 stltpush  |3 (RuTPU)RU\TPU\subj\15432  |9 41671 
610 1 |a исследование 
610 1 |a разработка 
610 1 |a металлические конструкции 
610 1 |a напыление 
610 1 |a напыленные покрытия 
610 1 |a изготовление 
610 1 |a технология 
675 |a 692  |v 3 
702 1 |a Губенко  |b А. Б.  |4 540 
712 0 2 |a Центральный научно-исследовательский и проектный институт строительных металлоконструкций (ЦНИИПроектстальконструкция)  |2 stltpush  |3 (RuTPU)RU\TPU\col\9562 
801 1 |a RU  |b 63413507  |c 20140630 
801 2 |a RU  |b 63413507  |c 20151208  |g RCR 
942 |c BK